00808nam a22002057a 450000500170000001000150001702000270003203500140005903700090007308200120008210000230009424500840011725000060020126000390020727001240024630000320037094200260040299900190042895201550044720241009110045.0 aENG-141988 c3600.00a9788190612173 aEN-125520 bDBAD a954.504 aBera, Tilak97249100aExploring Northeast:bThe Seven Pristine Pearls of India/cBy Tilak Ranjan Bera a1 bWoodland PublishersaKolkatac2016 bKolkatae700026a28/10 B, Nakuleswar Bhattacharya Lane mwoodlandpublishers@hotmail.comk+91-8582847459k+91-8777274087 a333p.;c29cm(hbk)bill.col. 2ddccENmBERh954.504 c206185d206185 001040718REFaLbLd2024-10-09eDelivery of Books Act Divisiong3600.00l0oBER 954.504pEN-125520r2024-10-09 00:00:00t1v3600.00w2024-10-09yEN